Cuentos de todos los días : (Record no. 130282)

MARC details
000 -CABECERA
campo de control de longitud fija 00555nam a2200181 u 4500
005 - FECHA Y HORA DE LA ÚLTIMA TRANSACCIÓN
campo de control 20220603063708.0
008 - ELEMENTOS DE LONGITUD FIJA--INFORMACIÓN GENERAL
campo de control de longitud fija 080724s2007 ug r 000 0 spa d
020 ## - NÚMERO INTERNACIONAL NORMALIZADO PARA LIBROS
Número Internacional Estándar del Libro 9789974802841
035 ## - NÚMERO DE CONTROL DEL SISTEMA
Número de control de sistema UPN01000158168
049 ## - COLECCIÓN
Colección I
050 #4 - SIGNATURA TOPOGRÁFICA DE LA BIBLIOTECA DEL CONGRESO
Número de clasificación PZ73
Número de documento/Ítem C8.4
245 00 - MENCIÓN DE TÍTULO
Título Cuentos de todos los días :
Resto del título relatos de la vida cotidiana /
Mención de responsabilidad, etc. selec. Alfredo Parra ... [et al.] .
260 ## - PUBLICACIÓN, DISTRIBUCIÓN, ETC.
Lugar de publicación, distribución, etc. Montevideo :
Nombre del editor, distribuidor, etc. Cadiex international,
Fecha de publicación, distribución, etc. 2007.
300 ## - DESCRIPCIÓN FÍSICA
Extensión 100 p. :
Otras características físicas il. col.
650 #4 - ASIENTO SECUNDARIO DE MATERIA - TERMINO TEMATICO
Término de materia o nombre geográfico como elemento de entrada Cuentos infantiles
9 (RLIN) 6744
700 1# - ASIENTO SECUNDARIO--NOMBRE DE PERSONAL
Nombre de persona Parra, Alfredo,
Término indicativo de función/relación comp.
905 ## - TIPO DE MATERIAL
Tipo de material Libro
Holdings
Estado de retiro Estado de pérdida Fuente del sistema de clasificación o colocación Estado dañado No para préstamo Código de colección Localización permanente Ubicación/localización actual Ubicación en estantería Fecha de adquisición Total de préstamos Clasificación Código de barras Fecha visto por última vez Número de copia Tipo de ítem Koha
    Library of Congress Classification     Infantil Bib. Gregorio Torres Quintero Bib. Gregorio Torres Quintero Sala infantil Planta baja 10/05/2023 2 PZ73 C8.4 259468 31/12/2020 1 Libro